000 00353nam a22001337a 4500
003 OSt
008 141118b xxu||||| |||| 00| 0 eng d
020 _at
041 _aeng
245 1 0 _aLAPE 2007 Stamp Catalogue, Suomi - Finland 1856-2006
260 _aTurku, Finland
_bSuomen Filateliapalvelu Oy
300 _a784 pages
650 0 _aCatalogs and Price Lists
999 _c637
_d637